LEADER 04199nam 22005775 450 001 9911049224703321 005 20260102122756.0 010 $a981-9518-53-9 024 7 $a10.1007/978-981-95-1853-1 035 $a(CKB)44769970200041 035 $a(MiAaPQ)EBC32471232 035 $a(Au-PeEL)EBL32471232 035 $a(DE-He213)978-981-95-1853-1 035 $a(EXLCZ)9944769970200041 100 $a20260102d2025 u| 0 101 0 $aeng 135 $aur||||||||||| 181 $ctxt$2rdacontent 182 $cc$2rdamedia 183 $acr$2rdacarrier 200 10$aCurrent Progress in Interdisciplinary Research $eSelect Papers of RIC 2024, Volume 3 /$fedited by Pankaj Kalita, Prashant W. Patil, Sukanya Sharma, Rupam Barman 205 $a1st ed. 2025. 210 1$aSingapore :$cSpringer Nature Singapore :$cImprint: Springer,$d2025. 215 $a1 online resource (625 pages) 225 1 $aEngineering Series 311 08$a981-9518-52-0 327 $aIdentification of Load Frequency Behavior for Allocation of Spinning Reserve on the Indian Grid -- Minimum Over-Supply Factor Needed for Grid-Scale Energy Storage System based on Unmet Electricity Demand in India -- Data-Driven Models for Predicting the State of Health of Lithium-ion batteries -- Life Cycle Assessment of a Building Integrated Semitransparent Photovoltaic Thermal system: Effect on Environment -- A Sustainable Approach to Passion Fruit Waste Utilisation: Statistical Optimization of Ultrasonic Extraction of Polyphenols -- Fuel cell technologies, their types and components: A panaromic review -- Comparative Performance Analysis of Darrieus-type Straight-Bladed Vertical Axis Wind Turbine using Conventional and J-Shaped Airfoils -- Experimental Investigation of Drying Cabinet of a Solar Dryer -- Thermal analysis of Calcium silicate brick wall with bio-composite PCM numerically in ANSYS software -- Coal Fine Beneficiation for Gas Production in Indian Context -- Understanding the citizens and the on-ground challenges of a Sustainable Smart City: A case of Guwahati city -- Designing a water heating system for Base of the Pyramid (BOP) community -- Scenario-Based Ideation Tool for Concept Detailing -- etc. 330 $aThis book contains select, peer-reviewed articles presented in the 9th edition of Research and Industrial Conclave (RIC 2024), held at the Indian Institute of Technology (IIT) Guwahati, India, during 9th to 11th August, 2024. The compilation presents a diverse selection of peer-reviewed research papers that highlight recent advances and interdisciplinary collaborations across key domains such as Energy Science, Artificial Intelligence, Mathematics, and Social Sciences. The included studies exemplify the integration of scientific inquiry with technological innovation, creative problem solving, and societal relevance. Emphasizing the dynamic and evolving nature of interdisciplinary research, the proceedings underscore efforts to transcend conventional disciplinary boundaries and promote holistic, application driven approaches to addressing contemporary global challenges. This book serves as a comprehensive reference for academicians, researchers, industry practitioners, and innovators, offering insights into the convergence of fundamental science and practical application within a collaborative research ecosystem. 410 0$aEngineering Series 606 $aBioengineering 606 $aTechnological innovations 606 $aScience$xStudy and teaching 606 $aBiological and Physical Engineering 606 $aInnovation and Technology Management 606 $aScience Education 615 0$aBioengineering. 615 0$aTechnological innovations. 615 0$aScience$xStudy and teaching. 615 14$aBiological and Physical Engineering. 615 24$aInnovation and Technology Management. 615 24$aScience Education. 676 $a620 700 $aKalita$b Pankaj$01737627 701 $aKalita$01886307 801 0$bMiAaPQ 801 1$bMiAaPQ 801 2$bMiAaPQ 906 $aBOOK 912 $a9911049224703321 996 $aCurrent Progress in Interdisciplinary Research$94521795 997 $aUNINA